The transformation of Title IX : regulating gender equality in education /

Bibliographic Details
Main Author: Melnick, R. Shep, 1951- (Author)
Corporate Author: JSTOR (Organization)
Format: eBook
Language:English
Published: Washington, D.C. : Brookings Institution Press, [2018]
Subjects:
Online Access:Connect to the full text of this electronic book

MARC

Tag First Indicator Second Indicator Subfields
LEADER 00000cam a2200000 i 4500
001 in00003939749
006 m o d
007 cr |||||||||||
008 171016s2018 dcua ob 001 0 eng
005 20260609154117.3
010 |a  2017049939 
020 |a 9780815732402  |q electronic book 
020 |a 0815732406  |q electronic book 
020 |z 9780815732228  |q paperback 
024 8 |a 40027926979 
035 |a (DLC)ybp15132620 
037 |a 22573/ctt1vttbrn  |b JSTOR 
040 |a NhCcYBP  |c NhCcYBP  |d UtOrBLW 
042 |a pcc 
043 |a n-us--- 
050 4 |a LC213.2  |b .M45 2018 
072 7 |a EDU015000  |2 bisacsh 
072 7 |a SOC032000  |2 bisacsh 
072 7 |a POL029000  |2 bisacsh 
072 7 |a EDU048000  |2 bisacsh 
072 7 |a EDU034030  |2 bisacsh 
082 0 0 |a 379.2/6  |2 23 
100 1 |a Melnick, R. Shep,  |d 1951-  |e author.  |0 http://id.loc.gov/authorities/names/n83210960 
245 1 4 |a The transformation of Title IX :  |b regulating gender equality in education /  |c R. Shep Melnick. 
246 3 |a Transformation of Title nine 
246 3 |a Transformation of Title 9 
264 1 |a Washington, D.C. :  |b Brookings Institution Press,  |c [2018] 
300 |a 1 online resource. 
336 |a text  |b txt  |2 rdacontent 
337 |a computer  |b n  |2 rdamedia 
338 |a online resource  |b cr  |2 rdacarrier 
504 |a Includes bibliographical references and index. 
505 0 |a Rights regulation -- The civil rights state -- Title IX : the complexities of a simple statute -- The enigmatic OCR -- The troubled return of "separate but equal" -- Regulation in fits and starts, 1972-95 -- The triumph of parity, 1995-2016 -- Athletic opportunity costs -- Controversies -- A tale of two titles -- Changing culture, building institutions -- The logic of expansion -- The politics of retrenchment. 
588 |a Description based on online resource; title from digital title page (viewed on February 15, 2018). 
500 |a Electronic resource. 
610 1 0 |a United States.  |t Education Amendments of 1972.  |p Title IX.  |0 http://id.loc.gov/authorities/names/n2004090383 
650 0 |a Educational equalization  |z United States.  |0 http://id.loc.gov/authorities/subjects/sh2008102489 
650 0 |a Women  |x Education  |z United States.  |0 http://id.loc.gov/authorities/subjects/sh2010118724 
650 0 |a Sex discrimination in education  |z United States.  |0 http://id.loc.gov/authorities/subjects/sh2008111262 
655 7 |a Electronic books.  |2 local 
710 2 |a JSTOR (Organization)  |0 http://id.loc.gov/authorities/names/no97001983 
776 1 8 |i Print version:  |a Melnick, R. Shep, 1951- author.  |t Transformation of Title IX  |d Washington, D.C. : Brookings Institution Press, 2018  |z 9780815732228  |w (DLC) 2017048747 
856 4 0 |u http://proxy.library.tamu.edu/login?url=https://jstor.org/stable/10.7864/j.ctt1vw0rgc  |z Connect to the full text of this electronic book  |t 0 
955 |a YBP purchased approval e-records 
980 |b 41.99  |g 1 
999 f f |s 97058a0c-a614-3bcd-a8a4-489ef2cb268a  |i b6037d4d-ca8e-381b-b7b9-9b1584652211  |t 0 
952 f f |a Texas A&M University  |b College Station  |c Electronic Resources  |s www_evans  |d Available Online  |t 0  |e LC213.2 .M45 2018  |h Library of Congress classification 
998 f f |a LC213.2 .M45 2018  |t 0  |l Available Online